[Event "Titled Tuesday intern op 06th Aug Early"]
[Site "Chess.com INT"]
[Date "2024.08.06"]
[Round "3"]
[White "Fernandez Siles, Luis"]
[Black "Fiedorek, Michal"]
[Result "1-0"]
[WhiteElo "2191"]
[BlackElo "2297"]
[PlyCount "93"]
[EventDate "2024.08.06"]
[EventType "swiss (blitz)"]
[EventRounds "11"]
[EventCountry "USA"]
[SourceTitle "EXT 2025"]
[Source "ChessBase"]
[SourceDate "2024.10.14"]
[SourceVersion "1"]
[SourceVersionDate "2024.10.14"]
[SourceQuality "1"]

1. e4 c5 2. Nf3 d6 3. Bb5+ Nd7 4. 0-0 a6 5. Bd3 Ngf6 6. Re1 e6 7. c3 b5 8. Bc2 c4 9. b3 Bb7 10. bxc4 bxc4 11. Na3 Qc7 12. Rb1 Nc5 13. Nxc4 Bxe4 14. d4 Bxc2 15. Qxc2 Ncd7 16. Qa4 Be7 17. Ba3 0-0 18. Rb3 Rfc8 19. Nfd2 d5 20. Ne5 Nb6 21. Qa5 Bxa3 22. Qxa3 Nc4 23. Ndxc4 dxc4 24. Rb4 Qd6 25. Reb1 Nd5 26. Ra4 Qxa3 27. Rxa3 Rab8 28. Rxb8 Rxb8 29. g3 h5 30. Nxc4 Rc8 31. Ne5 Nxc3 32. Rxa6 Ne2+ 33. Kg2 Nxd4 34. Rd6 Nf5 35. Rd1 g5 36. Ra1 g4 37. a4 h4 38. gxh4 Nxh4+ 39. Kg3 Nf5+ 40. Kxg4 f6 41. Nd7 Kf7 42. a5 Ke7 43. Nb6 Rg8+ 44. Kf3 Nd4+ 45. Ke4 Nc6 46. a6 Ra8 47. Nxa8 1-0

[Event "Titled Tuesday intern op 06th Aug Early"]
[Site "Chess.com INT"]
[Date "2024.08.06"]
[Round "7"]
[White "Fiedorek, Michal"]
[Black "Goldin, Roman"]
[Result "1-0"]
[WhiteElo "2297"]
[BlackElo "2288"]
[PlyCount "69"]
[EventDate "2024.08.06"]
[EventType "swiss (blitz)"]
[EventRounds "11"]
[EventCountry "USA"]
[SourceTitle "EXT 2025"]
[Source "ChessBase"]
[SourceDate "2024.10.14"]
[SourceVersion "1"]
[SourceVersionDate "2024.10.14"]
[SourceQuality "1"]

1. e4 Nc6 2. Nf3 e5 3. Bb5 a6 4. Ba4 Nf6 5. 0-0 Be7 6. Re1 d6 7. c4 0-0 8. h3 Be6 9. Bxc6 bxc6 10. b3 d5 11. exd5 cxd5 12. Nxe5 d4 13. Nc6 Qd7 14. Nxe7+ Qxe7 15. d3 c5 16. Nd2 Qd7 17. Nf3 Bf5 18. Bg5 Qd6 19. Qd2 h6 20. Bf4 Qb6 21. Re5 Bg6 22. Rae1 a5 23. Nh4 Bh7 24. Bxh6 gxh6 25. Qxh6 Kh8 26. Nf3 Nd7 27. Qxb6 Nxb6 28. Rxc5 Rfd8 29. Rc6 Ra6 30. c5 Bxd3 31. Rxb6 Rxb6 32. cxb6 Bc2 33. Nxd4 Rxd4 34. Re8+ Kg7 35. b7 1-0

[Event "Titled Tuesday intern op 06th Aug Early"]
[Site "Chess.com INT"]
[Date "2024.08.06"]
[Round "4"]
[White "Fiedorek, Michal"]
[Black "Martin, Sam B"]
[Result "1-0"]
[WhiteElo "2297"]
[BlackElo "1970"]
[PlyCount "35"]
[EventDate "2024.08.06"]
[EventType "swiss (blitz)"]
[EventRounds "11"]
[EventCountry "USA"]
[SourceTitle "EXT 2025"]
[Source "ChessBase"]
[SourceDate "2024.10.14"]
[SourceVersion "1"]
[SourceVersionDate "2024.10.14"]
[SourceQuality "1"]

1. e4 c5 2. Nf3 Nc6 3. d4 cxd4 4. Nxd4 Nf6 5. Nc3 e5 6. Nde2 Bc5 7. Ng3 Qb6 8. Qf3 d6 9. Bg5 Bg4 10. Qd3 Bxf2+ 11. Kd2 Rc8 12. Bxf6 gxf6 13. Nd5 Qa5+ 14. c3 Nd4 15. Nxf6+ Kf8 16. Nxg4 Nb3+ 17. axb3 Qxa1 18. Qxd6+ 1-0

[Event "Titled Tuesday intern op 06th Aug Early"]
[Site "Chess.com INT"]
[Date "2024.08.06"]
[Round "6"]
[White "Rom, Jasper B"]
[Black "Fiedorek, Michal"]
[Result "1-0"]
[WhiteElo "2178"]
[BlackElo "2297"]
[PlyCount "111"]
[EventDate "2024.08.06"]
[EventType "swiss (blitz)"]
[EventRounds "11"]
[EventCountry "USA"]
[SourceTitle "EXT 2025"]
[Source "ChessBase"]
[SourceDate "2024.10.14"]
[SourceVersion "1"]
[SourceVersionDate "2024.10.14"]
[SourceQuality "1"]

1. e4 g6 2. d4 Bg7 3. Nc3 c6 4. Nf3 d5 5. Bd3 dxe4 6. Nxe4 Nf6 7. h3 0-0 8. 0-0 Nbd7 9. Re1 Nxe4 10. Rxe4 Nf6 11. Re1 Be6 12. Ng5 Bd7 13. Qe2 h6 14. Nf3 Re8 15. Ne5 Qc7 16. Bf4 Qc8 17. Bc4 Be6 18. Nxg6 Bxc4 19. Qxc4 Qf5 20. Nxe7+ Rxe7 21. Rxe7 Nd5 22. Rxb7 Nxf4 23. Qxc6 Ne2+ 24. Kf1 Nxd4 25. Qd7 Qf6 26. c3 Nf5 27. Re1 Nd6 28. Rxa7 Rd8 29. Qe7 Nc4 30. Qxf6 Bxf6 31. b3 Nd2+ 32. Ke2 Bxc3 33. Rd1 Bd4 34. Ra4 Bc3 35. Rc1 Bg7 36. Rc2 Nb1 37. Rac4 Na3 38. Rc8 Nxc2 39. Rxd8+ Kh7 40. a4 Bf6 41. Kd3 Bxd8 42. Kxc2 Bb6 43. f3 Kg6 44. Kd3 Kf5 45. Kc4 Kf4 46. Kb5 Bd4 47. a5 Kg3 48. Kc4 Bf2 49. b4 Kxg2 50. b5 Kxh3 51. b6 Kg3 52. Kb5 h5 53. a6 h4 54. a7 h3 55. a8Q h2 56. f4 1-0

[Event "Pardubice Czech op-A 35th"]
[Site "Pardubice"]
[Date "2024.07.24"]
[Round "6"]
[White "Noe, Christopher"]
[Black "Fiedorek, Michal"]
[Result "1/2-1/2"]
[WhiteElo "2520"]
[BlackElo "2292"]
[PlyCount "74"]
[EventDate "2024.07.19"]
[EventType "swiss"]
[EventRounds "9"]
[EventCountry "CZE"]
[SourceTitle "CBM 221 Extra"]
[Source "ChessBase"]
[SourceDate "2024.09.30"]
[SourceVersion "1"]
[SourceVersionDate "2024.09.30"]
[SourceQuality "1"]

1. d4 Nf6 2. c4 g6 3. Nc3 Bg7 4. e4 d6 5. f3 0-0 6. Be3 c5 7. d5 e6 8. Nge2 exd5 9. cxd5 a6 10. a4 Re8 11. Qd2 Nbd7 12. Nc1 Ne5 13. Be2 Nh5 14. 0-0 f5 15. f4 Ng4 16. Bxg4 fxg4 17. N1e2 b6 18. Rae1 Ra7 19. Qd3 Rae7 20. f5 gxf5 21. Bg5 Bf6 22. Bxf6 Nxf6 23. Ng3 Re5 24. Re2 Nxe4 25. Ngxe4 fxe4 26. Nxe4 Bf5 27. Rxf5 Rxf5 28. Nxd6 Rxe2 29. Qxf5 Re1+ 30. Kf2 Qh4+ 31. g3 Qxh2+ 32. Kxe1 Qxg3+ 33. Ke2 Qxd6 34. Qxg4+ Kf7 35. Qf5+ Kg7 36. Qg5+ Kf7 37. Qf5+ Kg7 1/2-1/2

[Event "Titled Tuesday intern op 16th Jul Early"]
[Site "Chess.com INT"]
[Date "2024.07.16"]
[Round "2"]
[White "Onyshchuk, Volodymyr"]
[Black "Fiedorek, Michal"]
[Result "1-0"]
[WhiteElo "2610"]
[BlackElo "2292"]
[PlyCount "115"]
[EventDate "2024.07.16"]
[EventType "swiss (blitz)"]
[EventRounds "11"]
[EventCountry "USA"]
[SourceTitle "EXT 2025"]
[Source "ChessBase"]
[SourceDate "2024.10.14"]
[SourceVersion "1"]
[SourceVersionDate "2024.10.14"]
[SourceQuality "1"]

1. e4 c5 2. Nf3 d6 3. d4 cxd4 4. Nxd4 Nf6 5. Nc3 Nc6 6. g3 g6 7. Bg2 Nxd4 8. Qxd4 Bg7 9. e5 Nd7 10. Qa4 0-0 11. exd6 Nc5 12. Qa3 Qxd6 13. 0-0 Bf5 14. Be3 Ne6 15. Qxd6 exd6 16. Rac1 Rac8 17. Nd5 Bxb2 18. Ne7+ Kg7 19. Nxc8 Bxc1 20. Rxc1 Rxc8 21. Bxb7 Rc7 22. Bd5 Kf6 23. c4 Nc5 24. Bd4+ Ke7 25. Rc3 Be6 26. Kg2 Kd7 27. Bf3 h5 28. h3 Na4 29. Ra3 Nb6 30. Bxb6 axb6 31. Ra6 Bxc4 32. Rxb6 Bxa2 33. g4 hxg4 34. hxg4 Be6 35. Kg3 g5 36. Rb5 f6 37. Ra5 Ke7 38. Kg2 Rc5 39. Ra7+ Kf8 40. Kg3 d5 41. Be2 d4 42. f3 Rc2 43. Bd3 Rc3 44. Be4 d3 45. Ra6 Bf7 46. Rxf6 Kg7 47. Rd6 Bc4 48. Kf2 Ra3 49. Ke3 Bb5 50. Rd5 Bc4 51. Rxg5+ Kf6 52. Rf5+ Ke6 53. Rc5 Ba6 54. Rd5 Bc4 55. Rd4 Ba6 56. Bxd3 Ke5 57. f4+ Ke6 58. g5 1-0

[Event "Chess.com Speed Play In"]
[Site "Chess.com INT"]
[Date "2024.06.27"]
[Round "6"]
[White "Fiedorek, Michal"]
[Black "Wafa, Hamed"]
[Result "0-1"]
[WhiteElo "2292"]
[BlackElo "2396"]
[PlyCount "64"]
[EventDate "2024.06.27"]
[EventType "swiss (blitz)"]
[EventRounds "11"]
[EventCountry "USA"]
[SourceTitle "CBM 220 Extra"]
[Source "ChessBase"]
[SourceDate "2024.07.31"]
[SourceVersion "1"]
[SourceVersionDate "2024.07.31"]
[SourceQuality "1"]

1. e4 e5 2. Nf3 Nc6 3. Bb5 a6 4. Ba4 Nf6 5. 0-0 Be7 6. Re1 b5 7. Bb3 0-0 8. a4 d5 9. exd5 Na5 10. axb5 Nxb3 11. cxb3 e4 12. Nd4 Qxd5 13. Nc6 Bc5 14. Nc3 Qf5 15. Qe2 Bb7 16. b4 axb5 17. bxc5 Bxc6 18. Rxa8 Rxa8 19. Nxb5 Qxc5 20. Nc3 Rd8 21. b3 Qb4 22. Qc4 Qxc4 23. bxc4 Rd4 24. c5 Nd7 25. f3 exf3 26. gxf3 Kf8 27. Kf2 f6 28. Ke3 Rh4 29. Re2 Ne5 30. Ne4 Bxe4 31. fxe4 Rh3+ 32. Kd4 Rd3# 0-1

[Event "Chess.com Speed Play In"]
[Site "Chess.com INT"]
[Date "2024.06.27"]
[Round "5"]
[White "Sherman, Reem"]
[Black "Fiedorek, Michal"]
[Result "1-0"]
[WhiteElo "2358"]
[BlackElo "2292"]
[PlyCount "111"]
[EventDate "2024.06.27"]
[EventType "swiss (blitz)"]
[EventRounds "11"]
[EventCountry "USA"]
[SourceTitle "CBM 220 Extra"]
[Source "ChessBase"]
[SourceDate "2024.07.31"]
[SourceVersion "1"]
[SourceVersionDate "2024.07.31"]
[SourceQuality "1"]

1. e4 c5 2. Nf3 d6 3. Bb5+ Nd7 4. Ba4 Ngf6 5. 0-0 a6 6. c4 e6 7. Re1 Be7 8. d4 cxd4 9. Nxd4 0-0 10. Nc3 Nc5 11. Bc2 a5 12. Be3 b6 13. Qe2 Bb7 14. f3 Rc8 15. Rad1 Qc7 16. Ndb5 Qb8 17. Bf4 Rfd8 18. b3 h6 19. Bb1 e5 20. Be3 Ne6 21. Qf2 Nd7 22. Nd5 Bxd5 23. exd5 Nec5 24. Qc2 Nf6 25. Rf1 Qb7 26. Qd2 Qd7 27. h3 Nh5 28. g4 Nf4 29. Bxf4 exf4 30. Bf5 Qb7 31. Qxf4 Bg5 32. Qg3 Ra8 33. f4 Be7 34. Bc2 Qd7 35. Rde1 Bf8 36. Bf5 Qb7 37. Re2 g6 38. Bc2 Re8 39. Rfe1 Rxe2 40. Rxe2 Bg7 41. Qe3 Bf6 42. Nxd6 Qd7 43. Nb5 Rd8 44. Kg2 Qb7 45. Kg3 Qd7 46. h4 Qb7 47. g5 Bg7 48. Qe7 Qb8 49. Qc7 Qa8 50. Re7 Rf8 51. Qxb6 Ne6 52. dxe6 Qh1 53. exf7+ Kh8 54. Qf2 Qc1 55. Bxg6 hxg5 56. hxg5 1-0

[Event "Titled Tuesday intern op 25th Jun Early"]
[Site "Chess.com INT"]
[Date "2024.06.25"]
[Round "3"]
[White "Diao, Matthew Guo"]
[Black "Fiedorek, Michal"]
[Result "1-0"]
[WhiteElo "2033"]
[BlackElo "2292"]
[PlyCount "75"]
[EventDate "2024.06.25"]
[EventType "swiss (blitz)"]
[EventRounds "11"]
[EventCountry "USA"]
[SourceTitle "EXT 2025"]
[Source "ChessBase"]
[SourceDate "2024.10.14"]
[SourceVersion "1"]
[SourceVersionDate "2024.10.14"]
[SourceQuality "1"]

1. b3 e5 2. Bb2 Nc6 3. e3 Nf6 4. Bb5 Bd6 5. Na3 a6 6. Be2 b5 7. c4 b4 8. Nc2 0-0 9. d4 exd4 10. exd4 Re8 11. Nf3 Bf8 12. d5 Ne7 13. 0-0 Ng6 14. Qd2 Ne4 15. Qd4 Nf4 16. Rfe1 Nc3 17. Bf1 Nfe2+ 18. Bxe2 Nxe2+ 19. Rxe2 Rxe2 20. Ne3 Bb7 21. Kf1 Rxb2 22. Qxb2 c6 23. Rd1 g6 24. Qe5 Bg7 25. Qd6 Bf8 26. Qf4 Qe7 27. Ng4 Bg7 28. Re1 Qf8 29. Nfe5 Rd8 30. Nf6+ Bxf6 31. Qxf6 cxd5 32. Nxf7 Rc8 33. Re7 dxc4 34. Qf4 Qxe7 35. Nh6+ Kg7 36. Ng4 c3 37. Qd4+ Kg8 38. Nh6+ 1-0

[Event "Titled Tuesday intern op 18th Jun Early"]
[Site "Chess.com INT"]
[Date "2024.06.18"]
[Round "2"]
[White "Gonzalez Castillo, Jose Javier"]
[Black "Fiedorek, Michal"]
[Result "0-1"]
[WhiteElo "2166"]
[BlackElo "2292"]
[PlyCount "160"]
[EventDate "2024.06.18"]
[EventType "swiss (blitz)"]
[EventRounds "11"]
[EventCountry "USA"]
[SourceTitle "EXT 2025"]
[Source "ChessBase"]
[SourceDate "2024.10.14"]
[SourceVersion "1"]
[SourceVersionDate "2024.10.14"]
[SourceQuality "1"]

1. e4 c5 2. c3 Nf6 3. e5 Nd5 4. d4 cxd4 5. Nf3 Nc6 6. Bd3 d6 7. exd6 Qxd6 8. cxd4 e6 9. 0-0 Be7 10. Nc3 0-0 11. h3 b6 12. Ne4 Qd8 13. Bg5 Bb7 14. Rc1 h6 15. Bxe7 Ncxe7 16. Bb1 Rc8 17. Qd3 Ng6 18. g3 Rxc1 19. Rxc1 Nf6 20. Nxf6+ Qxf6 21. Ne5 Bd5 22. h4 Rd8 23. Rc7 Ba8 24. h5 Nf8 25. Rxa7 Qg5 26. Rxa8 Rxa8 27. Qf3 Qc1+ 28. Kg2 Qxb1 29. Qxa8 Qxb2 30. Nd7 Qb4 31. Qb8 b5 32. Nxf8 Qxf8 33. Qxb5 Qa8+ 34. Kh2 Qxa2 35. Qe8+ Kh7 36. Qxf7 Qd5 37. Qg6+ Kg8 38. Qg4 Kf7 39. Qf4+ Ke7 40. g4 Qc4 41. f3 Qc2+ 42. Kh3 Qb1 43. Qc7+ Kf6 44. Qe5+ Kf7 45. Qf4+ Ke7 46. Qh2 Qd3 47. Qc7+ Kf6 48. Qe5+ Kf7 49. Qf4+ Ke7 50. Kg3 Qd1 51. Qc7+ Kf6 52. Qe5+ Ke7 53. Qxg7+ Kd6 54. Qxh6 Qg1+ 55. Kh4 Qf2+ 56. Kg5 Qd2+ 57. Kg6 Qxd4 58. Qf8+ Kc6 59. Qc8+ Kb5 60. Qb7+ Ka5 61. Qc7+ Kb5 62. f4 Qd3+ 63. f5 exf5 64. Qe5+ Kb4 65. Qxf5 Qd6+ 66. Qf6 Qd3+ 67. Kg7 Qd7+ 68. Kh6 Qxg4 69. Qe7+ Kb3 70. Qf7+ Ka3 71. Qf8+ Ka4 72. Qa8+ Kb3 73. Qb7+ Ka3 74. Qe7+ Kb3 75. Qf7+ Ka3 76. Qg6 Qe4 77. Kg7 Qe5+ 78. Qf6 Qxh5 79. Qa6+ Kb2 80. Qe2+ Qxe2 0-1

[Event "Titled Tuesday intern op 14th May Early"]
[Site "Chess.com INT"]
[Date "2024.05.14"]
[Round "2"]
[White "Drygalov, Sergey"]
[Black "Fiedorek, Michal"]
[Result "1-0"]
[WhiteElo "2558"]
[BlackElo "2281"]
[PlyCount "53"]
[EventDate "2024.05.14"]
[EventType "swiss (blitz)"]
[EventRounds "11"]
[EventCountry "USA"]
[SourceTitle "EXT 2025"]
[Source "ChessBase"]
[SourceDate "2024.10.14"]
[SourceVersion "1"]
[SourceVersionDate "2024.10.14"]
[SourceQuality "1"]

1. d4 d5 2. c4 e6 3. Nf3 Nf6 4. Nc3 c5 5. cxd5 Nxd5 6. e4 Nxc3 7. bxc3 cxd4 8. cxd4 Bb4+ 9. Bd2 Bxd2+ 10. Qxd2 0-0 11. Bc4 Nd7 12. 0-0 b6 13. Rac1 Bb7 14. d5 Nc5 15. Rfe1 Rc8 16. Rcd1 Re8 17. Qd4 exd5 18. exd5 Qd6 19. Ne5 Re7 20. Re3 Rce8 21. Rde1 h6 22. h4 a6 23. a4 Nxa4 24. Nxf7 Kxf7 25. Re6 Qc5 26. Rxe7+ Rxe7 27. d6+ 1-0